Artists who say their own names in songs - Statistics

General Stats
  • This quiz has been taken 23 times
  • The average score is 5 of 14
Answer Stats
Song Artist % Correct
Yeah! Usher
77%
Drop It Like Its's Hot Snoop Dogg
68%
Beauty And A Beat Nicki Minaj
59%
Scream & Shout WILL.I.AM / Britney
59%
Bad Romance Gaga
50%
My Name Is Slim Shady
50%
I'm the One DJ Khaled
45%
Beautiful Girls Sean Kingston
45%
Crank That Soulja Boy
45%
I Just Had Sex Akon
18%
Fireball Mr Worldwide
14%
Magic B.O.B.
5%
Kohoutek Michael Stipe
5%
Love Action Phil Oakley
5%
No matching quizzes found
Score Distribution
Percent of People with Each Score
Percentile by Number Answered
Your Score History
You have not taken this quiz